Países mais poluídos por continente (qualidade do ar) - Statistics

Estatísticas Gerais
  • Esse quiz foi jogado 45 vezes
    43 desde o último reset
  • A pontuação média é 19 de 27
Estatísticas das Respostas
Continente Média Países % Correto
América do Sul 14 Brasil / Equador
97%
América do Sul 17 Chile
92%
América do Sul 20 Peru
92%
Oceania 5 Austrália
89%
América do Sul 16 Colômbia
89%
Europa 14 Bulgária +6
87%
América do Norte 7 Canadá +2
87%
Oceania 8 Nova Zelândia
84%
América do Sul 15 Venezuela
84%
Ásia 48 Índia
82%
Europa 12 Albânia +2
79%
América do Norte 19 México
79%
África 31 Nigéria / Ruanda
79%
Ásia 75 Bangladesh
74%
América do Norte 17 Guatemala
68%
Europa 20 Montenegro / Sérvia
68%
África 32 Camarões / RD Congo
66%
África 35 Egito
63%
América do Norte 14 El Salvador
63%
Europa 13 Croácia +2
61%
América do Norte 9 Costa Rica
55%
Ásia 55 Paquistão
55%
Europa 22 Bósnia / Macedônia
53%
Ásia 39 Nepal
42%
África 29 Uganda
37%
África 38 Chade
26%
Ásia 44 Quirguistão
11%
Nenhum quiz correspondente encontrado
Distribuição das Pontuações
Porcentagem de Pessoas com Cada Pontuação
Percentil de Números Respondidos
Sua Pontuação Histórica
Você não jogou esse quiz desde o último reset